<?xml version="1.0" encoding="UTF-8"?>
<record
    xmlns:xsi="http://www.w3.org/2001/XMLSchema-instance"
    xsi:schemaLocation="http://www.loc.gov/MARC21/slim http://www.loc.gov/standards/marcxml/schema/MARC21slim.xsd"
    xmlns="http://www.loc.gov/MARC21/slim">

  <leader>00838cam a2200253 i 4500</leader>
  <controlfield tag="001">18906641</controlfield>
  <controlfield tag="005">20250617111420.0</controlfield>
  <controlfield tag="008">151214s2016    paua          001 0 eng  </controlfield>
  <datafield tag="020" ind1=" " ind2=" ">
    <subfield code="a">9780323934480 (hardcover : alk. paper)</subfield>
  </datafield>
  <datafield tag="040" ind1=" " ind2=" ">
    <subfield code="c">PK-LaUMT</subfield>
  </datafield>
  <datafield tag="082" ind1="0" ind2="0">
    <subfield code="a">611.90222</subfield>
    <subfield code="2">23</subfield>
    <subfield code="b">AND-S</subfield>
  </datafield>
  <datafield tag="100" ind1="1" ind2=" ">
    <subfield code="a">Anderson, Mark W.</subfield>
    <subfield code="9">6378</subfield>
  </datafield>
  <datafield tag="245" ind1="1" ind2="0">
    <subfield code="a">Sectional anatomy by MRI and CT /</subfield>
    <subfield code="c">by Mark W. Anderson, Michael G. Fox and Nicholas C. Nacey</subfield>
  </datafield>
  <datafield tag="250" ind1=" " ind2=" ">
    <subfield code="a">5th ed.</subfield>
  </datafield>
  <datafield tag="260" ind1=" " ind2=" ">
    <subfield code="a">Philadelphia :</subfield>
    <subfield code="b">Elsevier,</subfield>
    <subfield code="c">2025</subfield>
  </datafield>
  <datafield tag="300" ind1=" " ind2=" ">
    <subfield code="a">viii, 661 p. :</subfield>
    <subfield code="b">illustrations (some color) ;</subfield>
    <subfield code="c">28 cm</subfield>
  </datafield>
  <datafield tag="500" ind1=" " ind2=" ">
    <subfield code="a">Includes index.</subfield>
  </datafield>
  <datafield tag="650" ind1="1" ind2="2">
    <subfield code="a">Anatomy, Regional</subfield>
    <subfield code="9">6379</subfield>
  </datafield>
  <datafield tag="650" ind1="2" ind2="2">
    <subfield code="a">Magnetic Resonance Imaging</subfield>
    <subfield code="9">4701</subfield>
  </datafield>
  <datafield tag="650" ind1="2" ind2="2">
    <subfield code="a">Tomography, X-Ray Computed</subfield>
    <subfield code="9">6380</subfield>
  </datafield>
  <datafield tag="700" ind1="1" ind2=" ">
    <subfield code="a">Fox, Michael G.,</subfield>
    <subfield code="9">6381</subfield>
  </datafield>
  <datafield tag="700" ind1="1" ind2=" ">
    <subfield code="a">El-Khoury, Georges Y.</subfield>
    <subfield code="9">6382</subfield>
  </datafield>
  <datafield tag="942" ind1=" " ind2=" ">
    <subfield code="c">BK</subfield>
  </datafield>
  <datafield tag="999" ind1=" " ind2=" ">
    <subfield code="c">137788</subfield>
    <subfield code="d">137788</subfield>
  </datafield>
  <datafield tag="952" ind1=" " ind2=" ">
    <subfield code="0">0</subfield>
    <subfield code="1">0</subfield>
    <subfield code="4">0</subfield>
    <subfield code="7">0</subfield>
    <subfield code="a">HSC</subfield>
    <subfield code="b">HSC</subfield>
    <subfield code="d">2025-06-17</subfield>
    <subfield code="l">0</subfield>
    <subfield code="o">611.90222 AND-S</subfield>
    <subfield code="p">150054</subfield>
    <subfield code="r">2025-06-17 11:14:31</subfield>
    <subfield code="w">2025-06-17</subfield>
    <subfield code="y">BK</subfield>
  </datafield>
</record>
